00583cam a22002171 4500001001300000003000400013005001700017008004100034010001700075035001900092040001800111042001200129043001200141050001500153100002400168245006300192260002300255300002600278651004400304999001700348ne 62000341 DLC20260227111734.0810619s1948 tu a 000 0 tur  ane 62000341  a(OCoLC)7515447 aDLCcCLUdDLC apremarc aa-tu---00aDR589b.U41 aÜnüvar, Veysel.10aİstiklâl Harbinde Bolşeviklerle sekiz ay, 1920-1921. aİstanbul,c1948. a87 p.billus.c20 cm. 0aTurkeyxHistoryyRevolution, 1918-1923. c45043d45043